<?xml version="1.0" encoding="UTF-8"?>
<record
    xmlns:xsi="http://www.w3.org/2001/XMLSchema-instance"
    xsi:schemaLocation="http://www.loc.gov/MARC21/slim http://www.loc.gov/standards/marcxml/schema/MARC21slim.xsd"
    xmlns="http://www.loc.gov/MARC21/slim">

  <leader>01846nam a22002897a 4500</leader>
  <controlfield tag="003">NALT</controlfield>
  <controlfield tag="005">20210721135523.0</controlfield>
  <controlfield tag="008">190923b        th ||||| |||| 00| 0 tha d</controlfield>
  <datafield tag="040" ind1=" " ind2=" ">
    <subfield code="a">NALT</subfield>
  </datafield>
  <datafield tag="050" ind1=" " ind2=" ">
    <subfield code="a">DS 586</subfield>
    <subfield code="b">&#xE20;211&#xE01; 2560</subfield>
  </datafield>
  <datafield tag="100" ind1="0" ind2=" ">
    <subfield code="9">42125</subfield>
    <subfield code="a">&#xE20;&#xE24;&#xE15;&#xE22;&#xE32; &#xE2A;&#xE31;&#xE08;&#xE08;&#xE28;&#xE34;&#xE25;&#xE32;</subfield>
  </datafield>
  <datafield tag="245" ind1="1" ind2="0">
    <subfield code="a">9 &#xE2B;&#xE25;&#xE31;&#xE01;&#xE19;&#xE33;&#xE0A;&#xE31;&#xE22;&#xE43;&#xE2B;&#xE49;&#xE0A;&#xE35;&#xE27;&#xE34;&#xE15; /</subfield>
    <subfield code="c">&#xE04;&#xE13;&#xE30;&#xE1C;&#xE39;&#xE49;&#xE08;&#xE31;&#xE14;&#xE17;&#xE33; &#xE20;&#xE24;&#xE15;&#xE22;&#xE32; &#xE2A;&#xE31;&#xE08;&#xE08;&#xE28;&#xE34;&#xE25;&#xE32;, &#xE13;&#xE31;&#xE10;&#xE0D;&#xE32;&#xE20;&#xE23;&#xE13;&#xE4C; &#xE2A;&#xE31;&#xE19;&#xE2B;&#xE1E;&#xE32;&#xE13;&#xE34;&#xE0A;&#xE22;&#xE4C;, &#xE23;&#xE30;&#xE27;&#xE34;&#xE19; &#xE21;&#xE38;&#xE04;&#xE02;&#xE08;&#xE35;, &#xE1B;&#xE31;&#xE13;&#xE11;&#xE32;&#xE23;&#xE35;&#xE22;&#xE4C; &#xE28;&#xE23;&#xE35;&#xE1B;&#xE34;&#xE22;&#xE30;&#xE42;&#xE2A;&#xE17;&#xE23;, &#xE01;&#xE32;&#xE0D;&#xE08;&#xE19;&#xE32; &#xE2D;&#xE19;&#xE31;&#xE19;&#xE15;&#xE2A;&#xE21;&#xE1A;&#xE39;&#xE23;&#xE13;&#xE4C;.</subfield>
  </datafield>
  <datafield tag="250" ind1=" " ind2=" ">
    <subfield code="a">&#xE1E;&#xE34;&#xE21;&#xE1E;&#xE4C;&#xE04;&#xE23;&#xE31;&#xE49;&#xE07;&#xE41;&#xE23;&#xE01;</subfield>
  </datafield>
  <datafield tag="260" ind1=" " ind2=" ">
    <subfield code="a">&#xE01;&#xE23;&#xE38;&#xE07;&#xE40;&#xE17;&#xE1E;&#xE2F; :</subfield>
    <subfield code="b">&#xE01;&#xE23;&#xE38;&#xE07;&#xE44;&#xE17;&#xE22;-&#xE41;&#xE2D;&#xE01;&#xE0B;&#xE48;&#xE32; &#xE1B;&#xE23;&#xE30;&#xE01;&#xE31;&#xE19;&#xE0A;&#xE35;&#xE27;&#xE34;&#xE15; &#xE08;&#xE33;&#xE01;&#xE31;&#xE14; (&#xE21;&#xE2B;&#xE32;&#xE0A;&#xE19;),</subfield>
    <subfield code="c">2560.</subfield>
  </datafield>
  <datafield tag="300" ind1=" " ind2=" ">
    <subfield code="a">173 &#xE2B;&#xE19;&#xE49;&#xE32; :</subfield>
    <subfield code="b">&#xE20;&#xE32;&#xE1E;&#xE1B;&#xE23;&#xE30;&#xE01;&#xE2D;&#xE1A; ;</subfield>
    <subfield code="c">20 &#xE0B;&#xE21;.</subfield>
  </datafield>
  <datafield tag="600" ind1="0" ind2="4">
    <subfield code="a">&#xE20;&#xE39;&#xE21;&#xE34;&#xE1E;&#xE25;&#xE2D;&#xE14;&#xE38;&#xE25;&#xE22;&#xE40;&#xE14;&#xE0A;,</subfield>
    <subfield code="c">&#xE1E;&#xE23;&#xE30;&#xE1A;&#xE32;&#xE17;&#xE2A;&#xE21;&#xE40;&#xE14;&#xE47;&#xE08;&#xE1E;&#xE23;&#xE30;&#xE1B;&#xE23;&#xE21;&#xE34;&#xE19;&#xE17;&#xE23;&#xE21;&#xE2B;&#xE32;,</subfield>
    <subfield code="d">2470-2559</subfield>
    <subfield code="x">&#xE1E;&#xE23;&#xE30;&#xE23;&#xE32;&#xE0A;&#xE01;&#xE23;&#xE13;&#xE35;&#xE22;&#xE01;&#xE34;&#xE08;</subfield>
    <subfield code="9">4809</subfield>
  </datafield>
  <datafield tag="600" ind1="0" ind2="4">
    <subfield code="a">&#xE20;&#xE39;&#xE21;&#xE34;&#xE1E;&#xE25;&#xE2D;&#xE14;&#xE38;&#xE25;&#xE22;&#xE40;&#xE14;&#xE0A;, </subfield>
    <subfield code="c">&#xE1E;&#xE23;&#xE30;&#xE1A;&#xE32;&#xE17;&#xE2A;&#xE21;&#xE40;&#xE14;&#xE47;&#xE08;&#xE1E;&#xE23;&#xE30;&#xE1B;&#xE23;&#xE21;&#xE34;&#xE19;&#xE17;&#xE23;&#xE21;&#xE2B;&#xE32;, </subfield>
    <subfield code="d">2470-2559</subfield>
    <subfield code="x">&#xE1E;&#xE23;&#xE30;&#xE23;&#xE32;&#xE0A;&#xE14;&#xE33;&#xE23;&#xE31;&#xE2A;</subfield>
    <subfield code="9">12252</subfield>
  </datafield>
  <datafield tag="653" ind1=" " ind2="4">
    <subfield code="a">&#xE28;&#xE32;&#xE2A;&#xE15;&#xE23;&#xE4C;&#xE1E;&#xE23;&#xE30;&#xE23;&#xE32;&#xE0A;&#xE32;</subfield>
  </datafield>
  <datafield tag="700" ind1="0" ind2=" ">
    <subfield code="9">42151</subfield>
    <subfield code="a">&#xE13;&#xE31;&#xE10;&#xE0D;&#xE32;&#xE20;&#xE23;&#xE13;&#xE4C; &#xE2A;&#xE31;&#xE19;&#xE2B;&#xE1E;&#xE32;&#xE13;&#xE34;&#xE0A;&#xE22;&#xE4C;</subfield>
  </datafield>
  <datafield tag="700" ind1="0" ind2=" ">
    <subfield code="9">42153</subfield>
    <subfield code="a">&#xE1B;&#xE31;&#xE13;&#xE11;&#xE32;&#xE23;&#xE35;&#xE22;&#xE4C; &#xE28;&#xE23;&#xE35;&#xE1B;&#xE34;&#xE22;&#xE30;&#xE42;&#xE2A;&#xE17;&#xE23;</subfield>
  </datafield>
  <datafield tag="700" ind1="0" ind2=" ">
    <subfield code="9">42152</subfield>
    <subfield code="a">&#xE23;&#xE30;&#xE27;&#xE34;&#xE19; &#xE21;&#xE38;&#xE04;&#xE02;&#xE08;&#xE35;</subfield>
  </datafield>
  <datafield tag="700" ind1="0" ind2=" ">
    <subfield code="9">42154</subfield>
    <subfield code="a">&#xE01;&#xE32;&#xE0D;&#xE08;&#xE19;&#xE32; &#xE2D;&#xE19;&#xE31;&#xE19;&#xE15;&#xE2A;&#xE21;&#xE1A;&#xE39;&#xE23;&#xE13;&#xE4C;</subfield>
  </datafield>
  <datafield tag="850" ind1=" " ind2=" ">
    <subfield code="a">NALT</subfield>
  </datafield>
  <datafield tag="942" ind1=" " ind2=" ">
    <subfield code="c">GB</subfield>
    <subfield code="2">lcc</subfield>
  </datafield>
  <datafield tag="998" ind1=" " ind2=" ">
    <subfield code="a">bijaya</subfield>
    <subfield code="b">phon</subfield>
    <subfield code="c">phon</subfield>
    <subfield code="j">104</subfield>
    <subfield code="k"> &#xE2A;&#xE32;&#xE22;&#xE1D;&#xE19; &#xE14;&#xE35;&#xE07;&#xE32;&#xE21;</subfield>
  </datafield>
  <datafield tag="999" ind1=" " ind2=" ">
    <subfield code="c">96378</subfield>
    <subfield code="d">96378</subfield>
  </datafield>
  <datafield tag="952" ind1=" " ind2=" ">
    <subfield code="0">0</subfield>
    <subfield code="1">0</subfield>
    <subfield code="2">lcc</subfield>
    <subfield code="4">0</subfield>
    <subfield code="7">0</subfield>
    <subfield code="8">CGBL</subfield>
    <subfield code="a">NALT</subfield>
    <subfield code="b">NALT</subfield>
    <subfield code="d">2019-09-23</subfield>
    <subfield code="l">0</subfield>
    <subfield code="o">DS 586 &#xE20;211&#xE01; 2560</subfield>
    <subfield code="p">3961209781</subfield>
    <subfield code="r">2019-10-03 00:00:00</subfield>
    <subfield code="w">2019-09-23</subfield>
    <subfield code="y">GB</subfield>
  </datafield>
</record>
